000 00893nac a22002537a 4500
001 BR6003166
003 BR-BrBNA
005 20240105113053.0
008 230509b bl.|||m| |||| 00| 0 por d
040 _aBR-BrBNA
_bpor
_cBiblioteca Nacional de Agricultura
072 _aC00
090 _aC00 BR6003166
100 1 _aTroller, N.
110 1 _aInstituto de Estudos e Pesquisas Economicas, Porto Alegre, RS (Brasil)
_96044
245 1 _aO papel da comunicacao coletiva na modernizacao dos agricultores
260 3 _aPorto Alegre, RS (Brasil):
_c1969.
300 _a93 p.
490 _aTese de Conclusao dos Cursos de Pos-Graduacao em Economia e Sociologia Rural - (Brazil)
_vno. 7
_x
502 _aTese (Pos-Graduacao em Economia e Sociologia Rural)
650 _aExtensao rural
650 _aComunicacao
909 _a202312
_bLúcia Elande
_c55
_dLúcia Elande
942 _2AGRIS
_n0
_cMS
999 _c261724
_d261724